000 00650nam a2200253Ia 4500
008 220204s9999 xx 000 0 und d
082 _a576.3
_bSHE
100 _aBIANCHI, Donald E
245 0 _aCell biology: Structure biochemistry and function
250 _aEd.2
260 _aNew York
_bJohn Wiley
_c1983
650 _aBioenergetics
650 _aCell metabolism
650 _aChloroplast
650 _aCytology
650 _aGolgi apparatus
650 _aLysosome
650 _aMicrobodies
650 _aNucleic acid
650 _aProtein synthesis
650 _aRadioactive isotope
700 _aSHEELER, Philip
942 _cBK
999 _c38211
_d38211